000 00519nam a2200205Ia 4500
003 GCL
008 140319s9999 xx 000 0 eng d
040 _aGCL /
_cGCL
082 0 4 _a841
_bD P
100 1 _aDELUY, HENRY
245 1 0 _aPPOESIE EN FRANCE 1983-1988 UNE ANTHOLOGIE CRITIQUE /
_cDELUY, HENRY
260 _a[S.N] :
_bFLAMMARION ،
_c1989
300 _a456
650 0 4 _aLITERATURE
650 0 4 _aPOETRY
650 0 4 _aFRENCH POETRY
650 0 4 _aPOESIS
650 0 4 _aFRENCH LITERATURE
942 _2ddc
_cBK
999 _c25399
_d25399